Language Quiz

Random Language or Italian Quiz
Score 0/30 Timer 05:00
1 Play Today
% Correct
astronomer
93.7%
dentist
93.7%
student
93.7%
veterinarian
93.3%
architect
93.2%
musician
93.1%
scientist
93.1%
pilot
92.9%
mechanic
92.6%
politician
92.5%
psychiatrist
92%
doctor
87.6%
police officer
81.6%
baker
76.6%
nurse
72.6%
% Correct
singer
72.1%
author
71.9%
judge
68.6%
lawyer
66.9%
actor
65.2%
plumber
49.1%
firefighter
43%
surgeon
42.8%
salesperson
41.4%
teacher
39.3%
butcher
34.1%
driver
23.1%
accountant
22.6%
farmer
22%
carpenter
19.7%
Remove Ads.
Support Sporcle.
Get the best of Sporcle when you Go Orange. This ad-free experience offers more features, more stats, and more fun while also helping to support Sporcle. Thank you for becoming a member.

You're not logged in!

Compare scores with friends on all Sporcle quizzes.
OR
Log In

Show Comments

Extras

Top Quizzes Today


Score Distribution

Your Account Isn't Verified!

In order to create a playlist on Sporcle, you need to verify the email address you used during registration. Go to your Sporcle Settings to finish the process.

Report this User

Report this user for behavior that violates our Community Guidelines.

Details: